Catálogo

The art of dramatic writing : (Registro nro. 61242)

Detalles MARC
000 -LEADER
fixed length control field 00770nam a2200241 u 4500
001 - CONTROL NUMBER
control field 61242
005 - DATE AND TIME OF LATEST TRANSACTION
control field 20180714062811.0
008 - FIXED-LENGTH DATA ELEMENTS--GENERAL INFORMATION
fixed length control field 140604s2007 xxu r 000 0 eng d
020 ## - INTERNATIONAL STANDARD BOOK NUMBER
International Standard Book Number 9781607961307
082 0# - DEWEY DECIMAL CLASSIFICATION NUMBER
Classification number 792
Item number EGR
100 1# - MAIN ENTRY--PERSONAL NAME
Personal name Egri, Lajos
Relator term autor
245 14 - TITLE STATEMENT
Title The art of dramatic writing :
Remainder of title its basis in the creative interpretation of human motives /
Statement of responsibility, etc. Lajos Egri.
250 ## - EDITION STATEMENT
Edition statement [Primera edición]
264 #1 - PRODUCTION, PUBLICATION, DISTRIBUTION, MANUFACTURE, AND COPYRIGHT NOTICE
Place of production, publication, distribution, manufacture Estados Unidos :
Name of producer, publisher, distributor, manufacturer BN Publishing,
Date of production, publication, distribution, manufacture, or copyright notice 2007
300 ## - PHYSICAL DESCRIPTION
Extent 136 páginas ;
Dimensions 24 cm.
336 ## - CONTENT TYPE
Content type term texto
Source rdacontent
337 ## - MEDIA TYPE
Media type term sin mediación
Source rdamedia
338 ## - CARRIER TYPE
Carrier type term volume
Source rdacarrier
650 #1 - SUBJECT ADDED ENTRY--TOPICAL TERM
Topical term or geographic name entry element Retórica
650 #1 - SUBJECT ADDED ENTRY--TOPICAL TERM
Topical term or geographic name entry element Creación literaria
650 #1 - SUBJECT ADDED ENTRY--TOPICAL TERM
Topical term or geographic name entry element Argumentos (Drama, Novela, etc.)
650 #1 - SUBJECT ADDED ENTRY--TOPICAL TERM
Topical term or geographic name entry element Teatro
General subdivision Retórica
Existencias
Withdrawn status Lost status Source of classification or shelving scheme Damaged status Not for loan Collection code Home library Current library Shelving location Date acquired Source of acquisition Inventory number Total Checkouts Total Renewals Full call number Barcode Date last seen Date last checked out Price effective from Koha item type
    Dewey Decimal Classification     General Biblioteca Karol Wojtyla Biblioteca Karol Wojtyla Sala general 23/06/2014 Compra 151000000000000000031149 3 1 792 EGR 2007 91801 05/01/2026 31/05/2022 23/06/2014 Libro